Principles of marketing (Record no. 9263)

MARC details
000 -LEADER
fixed length control field 00533cam a2200205ua 4500
008 - FIXED-LENGTH DATA ELEMENTS--GENERAL INFORMATION
fixed length control field 171218n ii |||gr||||Z||||||eng
020 ## - INTERNATIONAL STANDARD BOOK NUMBER
International Standard Book Number 9789327252613
040 ## - CATALOGING SOURCE
Transcribing agency MAIN
082 ## - DEWEY DECIMAL CLASSIFICATION NUMBER
Classification number 658.8
100 ## - MAIN ENTRY--PERSONAL NAME
Personal name Sontakki, C.N.,
Relator term
245 ## - TITLE STATEMENT
Title Principles of marketing
Statement of responsibility, etc. By C.N. Sontakki and others
250 ## - EDITION STATEMENT
Edition statement 2nd rev. ed.
260 ## - PUBLICATION, DISTRIBUTION, ETC.
Place of publication, distribution, etc. Ludhiana:
Name of publisher, distributor, etc. Kalyani,
Date of publication, distribution, etc. 2016.
300 ## - PHYSICAL DESCRIPTION
Extent 12:26 p.
700 ## - ADDED ENTRY--PERSONAL NAME
Personal name Gupta, Neeti,
Relator term
700 ## - ADDED ENTRY--PERSONAL NAME
Personal name Gupta, Anuj,
Relator term
942 ## - ADDED ENTRY ELEMENTS (KOHA)
Koha item type Books
653 ## - INDEX TERM--UNCONTROLLED
Uncontrolled term General management
Holdings
Withdrawn status Lost status Damaged status Not for loan Home library Current library Shelving location Date acquired Total Checkouts Full call number Barcode Date last seen Date last checked out Copy number Price effective from Koha item type
        Central Library, Naharkatiya College Central Library, Naharkatiya College General Stacks 19/09/2020 20 658.8 | SON 24288 18/11/2023 14/11/2023 3 19/09/2020 Books
        Central Library, Naharkatiya College Central Library, Naharkatiya College General Stacks 19/09/2020 23 658.8 | SON 24289 18/11/2023 03/11/2023 2 19/09/2020 Books
        Central Library, Naharkatiya College Central Library, Naharkatiya College General Stacks 19/09/2020 14 658.8 | SON 24290 18/11/2023 03/11/2023 1 19/09/2020 Books

Naharkatiya College © 2020. All rights reserved.

Powered By